000 00334nam a2200145Ia 4500
100 _aMckusick & others
942 _cBK
654 _aComputer
245 _aThe design & Implementation of the developments
260 _bAddison Wesly
_aReading
_c1996
082 _a5.43
_bMOK
300 _a580
546 _aENGLISH
999 _c31144
_d31144